Les meilleurs ennemis - Statistiques

Statistiques générales
  • Ce quiz a été pris 229 fois
  • Le résultat moyen est 11 sur 21
Statistiques - réponses
Hint Réponse % Correct
Les Schtroumpfs Gargamel
93%
Peter Pan Capitaine Crochet
88%
Astérix Jules César
88%
Harry Potter Voldemort
88%
Lucky Luke les Dalton
87%
Tom Jerry
81%
Bip Bip Coyote
77%
Athènes Sparte
64%
Shériff de Nottingham Robin des Bois
63%
Sherlock Holmes Moriarty
53%
Beatles Rolling Stones
51%
Capulet Montaigu
49%
Achille Hector
42%
Rome Carthage
40%
Tintin Rastapopoulos
39%
Elliot Ness Al Capone
25%
Sharks Jets
14%
Anciens Modernes
14%
Bourbons Orléans
10%
Bourguignons Armagnacs
9%
Guelfes Gibelins
7%
Aucun quiz correspondant
Distribution des résultats
% des personnes avec chaque résultat
Percentile par nombre de réponses
Votre historique - résultats
Vous n’avez pas pris ce quiz